| 000 | 00722nam a2200181Ia 4500 | ||
|---|---|---|---|
| 008 | 151018s9999 xx 000 0 und d | ||
| 082 |
_bRBASDV3400 _a891.464 |
||
| 100 | _aमंगेश पाडगांवकर | ||
| 245 | _aथोमस पेन चे राजनीतिक निबंध | ||
| 250 | _b1 | ||
| 260 |
_bपर्ल पब्लि प्रा लि _c1957 |
||
| 300 | _a208 | ||
| 600 | _aमंगेश पाडगांवकर | ||
| 630 | _aथोमस पेन चे राजनीतिक निबंध | ||
| 700 | _aमंगेश पाडगांवकर | ||
| 730 | _aथोमस पेन चे राजनीतिक निबंध | ||
| 942 | _cBOOK | ||
| 999 |
_c1005807 _d1005804 |
||